header

Advances in geosciences and the built environment (Record no. 57319)

MARC details
000 -LEADER
fixed length control field 01253nam a2200325 a 4500
082 04 - DEWEY DECIMAL CLASSIFICATION NUMBER
Classification number 720.28/8
245 00 - TITLE STATEMENT
Title Advances in geosciences and the built environment
260 ## - PUBLICATION, DISTRIBUTION, ETC. (IMPRINT)
Place of publication Hauppauge, N.Y. :
Name of publisher Nova Science Publishers,
Year of publication c2009.
300 ## - PHYSICAL DESCRIPTION
Number of Pages vi, 194 p. :
Other physical details ill. (some col.)
650 #0 - SUBJECT ADDED ENTRY--TOPICAL TERM
Topical Term Earth sciences.
Topical Term Building.
Topical Term Architecture
700 1# - ADDED ENTRY--PERSONAL NAME
Personal name Haghi, A. K.
856 40 - ELECTRONIC LOCATION AND ACCESS
Uniform Resource Identifier http://site.ebrary.com/lib/rucke/Doc?id=10674918

No items available.

© 2026 Rongo University
Contact us: librarian | system librarian | Rongo university